000
00294nam a22001337a 4500
020
_a
0000000242967
040
_c
NUST
082
_a
297 ABD
100
_a
Abdul Khaliq
_9
15258
245
_a
Haqiqat-e-Zikar
260
_a
Lahore:
_b
Bait-ul-Hiqmat,
_c
2004.
650
_a
Islam
942
_2
ddc
_c
BK
999
_c
594983
_d
594983